|
|
|
|
| LEADER |
00000nab a2200000 a 4500 |
| 001 |
vtls008934239 |
| 003 |
SK-MaSNL |
| 005 |
20260319071320.0 |
| 008 |
070110|2003 xo m| | |00 0|hun |
| 038 |
|
|
|a KEVKJB
|
| 040 |
|
|
|a KEVKJB
|b slo
|c KEVKJB
|e AACR2
|
| 041 |
0 |
|
|a hun
|
| 044 |
|
|
|a xo
|c SK
|
| 080 |
|
|
|a 78.087.6(=511.141)
|2 2001
|
| 100 |
1 |
|
|a Schwartz, Jolán
|4 aut
|9 1068220
|
| 245 |
1 |
0 |
|a Ünnepelt a Csermely kórus
|c Schwartz Jolán
|
| 300 |
|
|
|b Fotogr.
|
| 610 |
2 |
7 |
|a Csermely (spevácky zbor : Košice, Slovensko)
|2 kevkjb
|9 878007
|
| 650 |
0 |
7 |
|a spevácke zbory, maďarské
|z Košice (Slovensko)
|2 kevkjb
|9 1033853
|
| 651 |
|
7 |
|a Košice (Slovensko)
|2 kevkjb
|9 18694
|
| 773 |
0 |
|
|t Kassai Figyelő
|g Évf. I, sz. 10 (2003), o. 14-15
|
| 852 |
|
|
|a KEVKJB
|b KIS3GCP
|
| 958 |
|
|
|a HU
|
| 958 |
|
|
|a NM
|
| 999 |
|
|
|c 1756033
|d 1757963
|